|
|
|
|
| LEADER |
00000cam a2200000 7i4500 |
| 001 |
0000028524 |
| 005 |
20190614.0 |
| 008 |
190524 -usa eng |
| 020 |
|
|
|a 9781506303055
|
| 040 |
|
|
|a INS
|b eng
|e rda
|
| 090 |
0 |
0 |
|a P93.5
|b E937 2019
|
| 100 |
1 |
|
|a Evergreen, Stephanie D. H. ,
|e author
|
| 245 |
1 |
0 |
|a Effective data visualization :
|b the right chart for the right data
|c Stephanie D.H. Evergreen, Evergreen Data & Evaluation, LLC.
|
| 264 |
|
1 |
|a Los Angeles :
|b SAGE
|c [2017]
|
| 264 |
|
4 |
|c ©2017
|
| 300 |
|
|
|a xiii, 243 pages :
|b illustrations ;
|c 24 cm.
|
| 336 |
|
|
|a text
|2 rdacontent
|
| 337 |
|
|
|a unmediated
|2 rdamedia
|
| 338 |
|
|
|a volume
|2 rdacarrier
|
| 504 |
|
|
|a Includes bibliographical references and index
|
| 650 |
|
0 |
|a Charts, diagrams, etc
|
| 650 |
|
0 |
|a Graphic design (Typography)
|
| 650 |
|
0 |
|a Information visualization
|
| 650 |
|
0 |
|a Presentation graphics software
|
| 650 |
|
0 |
|a Visual communication.
|
| 999 |
|
|
|a 1000003766
|b BOOK
|c Open Shelf
|e Default branch
|